00360nam a2200121Ia 4500001000400000008004100004082001900045100001800064245008900082260002400171901002800195999001500223677241024s9999 xx 000 0 und d aRD/305.2/P969h a[*SIN AUTOR*] 0aProyecto Mujer, Juventud y Salud, Hacia una política integral de desarrollo social bEd. Publiguiac2009 a26/11/2010 1:40:32 p.m. c9878d9878